000 00623nam a22001817a 4500
008 160602b xxu||||| |||| 00| 0 eng d
020 _a9715740626
082 _22002
_aDFil 342.599
_bM92
100 _99851
_aMuñoz, Mauro R.,Jr.
245 _aPhilippine governance and constitution/
_cMauro R. Muñoz, Jr.
260 _aQuezon City:
_bKatha Publishing Co.,Inc.,
_cc2002.
300 _ax, 205 pages:
_c26.5 cm.
500 _aIncludes bibliography and references.
650 0 _99853
_aPhilippines
_xPolitics and government
700 _99856
_aGonzales-Muñoz, Delilah
_eAuthor
365 _b175.00
_cPhp.
942 _2ddc
_cDFIL
999 _c2957
_d2957